000
00232 a2200097 4500
001
35240
100
_a
Chatterjee R
245
_a
Antenna theory and practice
260
_a
N-Delhi
_b
Wiley eastern Ltd
_c
1989
090
_c
23351
_d
23351
942
_a
NUST-CAE
_c
M
_c
14838
999
_c
270313
_d
270313